Ideological consistency and contextual adaptation: US peace movement emotional work before and after 9/11 (Record no. 83898)

000 -LEADER
fixed length control field 00564pab a2200193 454500
008 - FIXED-LENGTH DATA ELEMENTS--GENERAL INFORMATION
fixed length control field 180718b2009 xxu||||| |||| 00| 0 eng d
100 ## - MAIN ENTRY--PERSONAL NAME
Personal name Maney, Gregory M.
245 ## - TITLE STATEMENT
Title Ideological consistency and contextual adaptation: US peace movement emotional work before and after 9/11
260 ## - PUBLICATION, DISTRIBUTION, ETC.
Date of publication, distribution, etc. 2009
300 ## - PHYSICAL DESCRIPTION
Extent p.114-32.
362 ## - DATES OF PUBLICATION AND/OR SEQUENTIAL DESIGNATION
Dates of publication and/or sequential designation Sep
650 ## - SUBJECT ADDED ENTRY--TOPICAL TERM
Topical term or geographic name entry element Social movements - United States
650 ## - SUBJECT ADDED ENTRY--TOPICAL TERM
Topical term or geographic name entry element Social movements
700 ## - ADDED ENTRY--PERSONAL NAME
Personal name Coy, Patrick G.
700 ## - ADDED ENTRY--PERSONAL NAME
Personal name Woehrle, Lynne M.
773 ## - HOST ITEM ENTRY
Main entry heading American Behavioral Scientist
908 ## - PUT COMMAND PARAMETER (RLIN)
Put command parameter N
909 ## -
-- 83898
Holdings
Withdrawn status Lost status Damaged status Not for loan Permanent Location Current Location Date acquired Serial Enumeration / chronology Barcode Date last seen Price effective from Koha item type
        Indian Institute of Public Administration Indian Institute of Public Administration 2018-07-19 Volume no: 53, Issue no: 1 AR84358 2018-07-19 2018-07-19 Articles

Powered by Koha